000 00363 a2200169 4500
001 70341
020 _a8526246569
040 _cAnchieta - Itaigara
100 _aAndrade, Telma GuimarĂ£es Castro
240 1 0 _aHamlet
_lpor
245 1 0 _aHamlet
300 _a48
362 0 _a2003
440 1 _aScipione
650 4 _aLiteratura infanto-juvenil
942 _cBK
999 _c70341
_d70341